000 01045 a2200229 4500
003 Nust
005 20221128140810.0
010 _a 92030897
020 _a047150999X
040 _cNust
082 0 0 _a519.4,ATK
100 1 _aAtkinson, Kendall E.
_967288
245 1 0 _aElementary numerical analysis /
_cKendall Atkinson.
250 _a2nd ed.
260 _aNew York :
_bWiley,
_cc1993.
300 _axiii, 425 p. :
_bill. ;
_c25 cm.
505 _aTaylor Polynomials (Page-1), Computer Representation of Numbers (Page-19), Errors (Page-35), Rootfinding (Page-61), Interpolation (Page-101), Approximation of Functions (Page-141), Numerical Integration and Differentiation (Page-161), Solution of Systems of Linear Equations (Page-205), The Numerical Solution of Differential Equation (Page-303).
650 0 _aNumerical analysis.
_9103
856 4 2 _3Publisher description
_uhttp://www.loc.gov/catdir/description/wiley032/92030897.html
856 4 2 _3Table of Contents
_uhttp://www.loc.gov/catdir/toc/onix03/92030897.html
942 _2ddc
_cBK
999 _c217995
_d217995